Les prénoms de fille selon les pays - Statistiques

Statistiques générales
  • Ce quiz a été pris 699 fois
  • Le résultat moyen est 6 sur 11
Statistiques - réponses
Hint Réponse % Correct
Constance France
99%
Lucia Espagne
83%
Charlie États Unis
77%
Greta Allemagne
66%
Charlotte Angleterre
57%
Kira Russie
52%
Sofia Mexique
38%
Luna Argentine
34%
Erin Irlande
30%
Fatima Iran
17%
Olivia Nouvelle-Zélande
10%
Aucun quiz correspondant
Distribution des résultats
% des personnes avec chaque résultat
Percentile par nombre de réponses
Votre historique - résultats
Vous n’avez pas pris ce quiz